| 000 | 01049cam a2200265 i 4500 | ||
|---|---|---|---|
| 001 | 27227 | ||
| 003 | BD-RjUL | ||
| 005 | 20211209051129.0 | ||
| 008 | 140324r19751841ii 001 0 eng | ||
| 035 | _a(BD-RjUL)27299) | ||
| 040 |
_aDLC _cDLC _dBD-RjUL _beng |
||
| 041 | _aeng | ||
| 082 | 0 | 0 |
_a954.162031 _bROD 1975 |
| 100 | 1 |
_aRobinson, William _983545 |
|
| 245 | 1 | 2 |
_aA descriptive account of Asam : _bwith a sketch of the local geography and a concise history of the tea-plant of Asam, to which is added a short account of the neighbouring tribes, exhibiting their history, manners, and customs / _cby William Robinson. |
| 260 |
_aDelhi : _bSanskaran Prakashak, _c1975. |
||
| 300 |
_axv, 433 p. : _c22 cm. _bill. ; |
||
| 500 | _aReprint of the 1841 ed. published by Ostell & Lepage, Calcutta. | ||
| 500 | _aIncludes index. | ||
| 650 | 0 |
_aNatural history _zIndia _zAssam. _983546 |
|
| 651 | 0 |
_aAssam (India) _xGeography. _983547 |
|
| 942 |
_2ddc _cBK |
||
| 999 |
_c27227 _d27227 |
||